000 00638nam a22001937a 4500
003 OSt
005 20260204025647.0
008 260204b |||||||| |||| 00| 0 eng d
020 _a971-0307-27-4.
040 _aDWC-Main lib
_cOC
082 _aCirc. 266 G549a 2005
100 _aGlasser, Arthur F.
245 _aAnnouncing the Kingdom :
_bthe story of God's mission in the Bible
_cArthur F. Glasser
260 _aQuezon City :
_bClaretian Publications,
_cc2005.
300 _a400 pages :
_c23 cm.
504 _aIncludes bibliographical references and index..
650 _a1. Missions-Biblical Teaching.
942 _2ddc
_cBK-CIRC
_kCirc.
_n0
999 _c8245
_d8245